| 000 | 00649nam a2200181 i 4500 | ||
|---|---|---|---|
| 001 | 72013 | ||
| 003 | ES-MaACL | ||
| 007 | t| | ||
| 008 | 040823s1929 sp ||||1| spa d | ||
| 100 | 1 |
_aGil de Fagoaga, Lucio. _956794 |
|
| 245 | 1 | 3 |
_aLa selección profesional de los estudiantes _b: discurso leído en la inauguración del Curso Académico de 1929 a 1930 / _cpor Lucio Gil de Fagoaga. |
| 260 |
_aMadrid : _b[s.n., _c1929] ( _fEstrada Hnos.) |
||
| 300 |
_a186 p. ; _c27 cm. |
||
| 500 | _aPrecede al tit.: Universidad Central de España. | ||
| 710 | 2 |
_aUniversidad Central (Madrid) _97084 |
|
| 852 |
_aES-MaACL _jB-3415 |
||
| 999 |
_c72013 _d72013 |
||